Nirvana Quiz - Statistics

General Stats
  • This quiz has been taken 718 times
  • The average score is 4 of 10
Answer Stats
Hint Answer % Correct
In October 1993 the band added what 2nd guitarist? Pat Smear
76%
What record label released Bleach? Sub Pop
70%
What was Nirvana's first single? Love Buzz
60%
Members of what band joined Nirvana for 3 songs during the MTV Unplugged sessions? Meat Puppets
58%
What band did Dave Grohl play in just before joining Nirvana? Scream
44%
Nevermind knocked what Michael Jackson album out of #1? Dangerous
25%
Nirvana members joined what artist on stage for the 12-12-12 Concert for Sandy Relief? Paul McCartney
19%
What Nirvana song was on The Beavis & Butthead Experience I Hate Myself and Want to Die
14%
What was the only Nirvana song to go to #1 on the US Mainstream Rock charts? You Know You're Right
14%
In 1993 Nirvana released a split single ("Puss") with what band? The Jesus Lizard
7%
No matching quizzes found
Score Distribution
Percent of People with Each Score
Percentile by Number Answered
Your Score History
You have not taken this quiz